Flags of Central America - Statistics

General Stats
  • This quiz has been taken 802 times
  • The average score is 6 of 7
Answer Stats
Flag Country % Correct
Panama
95%
Honduras
91%
Costa Rica
85%
Guatemala
84%
Belize
77%
El Salvador
74%
Nicaragua
73%
No matching quizzes found
Score Distribution
Percent of People with Each Score
Percentile by Number Answered
Your Score History
You have not taken this quiz